000 00649nam a2200217 4500
001 128120
003 ES-MaACL
005 20250808022128.0
007 t|
008 070214s1951 sp r ||||1| spa d
100 1 _aRobban, Randolph.
_997785
245 1 0 _aSi Alemania hubiera vencido /
_cRandolph Robban ; [versión española de Renato Lavergne].
250 _a1ª ed.
260 _aBarcelona :
_bLuis de Caralt,
_c1951.
300 _a289 p. ;
_c19 cm.
490 1 _aLa vida vivida
700 1 _aLavergne, Renato.
_970708
830 0 3 _aLa vida vivida
_9180877
852 _aES-MaACL
_jD-9168
_bR.31455
999 _c128120
_d128120